01586cam a22003974i 4500003000900000005001700009008004100026020001500067020001800082035002000100040003300120082001700153100003600170245010900206264004700315300006200362336002100424337002500445338002300470504003400493505045800527526001000985526001000995526001001005526001001015526000801025526000801033526000801041526000801049526000801057526000801065526000801073650003401081650004601115700002701161PE-LiUPU20250731173107.0181210s2018 tnua r 001 0 eng d a1462761623 a9781462761623 a(Sirsi) a250971 aPE-LiUPUbspacPE-LiUPUerda04a251bG142231 aGallaty, Robby,d1976-,eautor.10aPreaching for the rest of us :bessentials for text-driven preaching /c Robby Gallaty and Steven Smith. 1aNashville, TN :b B & H Academic,c[2018]. axviii, 190 páginas :bilustraciones ;c23 centímetros atext2rdacontent aunmediated2rdamedia avolume2rdacarrier aÍndice : páginas 183-190. aLeading a text-driven life -- A theology of text-driven preaching -- What is text-driven preaching? -- The frame of the text: understanding the internal structure -- Exegesis of the text -- The external frame: understanding the text's place in Scripture -- Translation -- Explanation -- Exhortation -- Conclusions -- Introductions -- Thoughts on delivery -- Calling for response -- Sermon analysis tool -- Recommended next steps -- Discussion questions. aSEG42 aSEG41 aSEG40 aSEG39 aP94 aP87 aP86 aP85 aP77 aP76 aP3504aPredicaciónxMetodología.04aHablar en públicoxAspectos religiosos.1 aSmith, Steven,eautor.